Statistiken für Die 10 Erfolgreichsten PlayStation 4 Spiele

Klicken Sie hier um das Quiz zu spielen!

Allgemein

  • Dieses Quiz wurde 659 mal gespielt
  • Das Durchschnittsergebnis liegt bei 3 aus 10

Antwortstatistiken

PlatzSpielverkaufte EinheitenJahr% Korrekt
2Grand Theft Auto V19,39 Millionen2014
76%
7FIFA 1811,80 Millionen2017
47%
10FIFA 1710,94 Millionen2016
43%
9God of War11,00 Millionen2018
41%
8The Last of Us Remastered11,78 Millionen2014
39%
4Call of Duty: Black Ops III15,09 Millionen2015
27%
5Red Dead Redemption 213,94 Millionen2018
21%
1Marvel's Spider-Man20,00 Millionen2018
20%
3Uncharted 4: A Thief's End16,25 Millionen2016
19%
6Call of Duty: World War 213,40 Millionen2017
3%

Verteilung der Resultate

Perzentil nach korrekt beantworteten Fragen

Anzahl Personen mit jedem Resultat

Ihre Resultats-Entwicklung

Sie haben dieses Quiz noch nicht gespielt